[Event "2nd Irena Warakomska Memorial-A"]
[Site "Suwalki"]
[Date "2018.08.06"]
[Round "7"]
[White "Paszewski, Mateusz"]
[Black "Teclaf, Pawel"]
[Result "1/2-1/2"]
[WhiteElo "2274"]
[BlackElo "2362"]
[Annotator "NA"]
[PlyCount "153"]
[EventDate "2018.08.01"]
[EventType "swiss"]
[EventCountry "POL"]
[SourceTitle "playchess.com"]
[Source "ChessBase"]
[SourceQuality "1"]
[TimeControl "40/5400+30:1800+30"]

1. e4 {[%emt 0:00:40]} c5 {[%emt 0:00:00]} 2. Nc3 {[%emt 0:00:03]} a6 {[%emt 0:00:00]} 3. g3 {[%emt 0:03:45]} b5 {[%emt 0:09:31]} 4. Bg2 {[%emt 0:00:17]} Bb7 {[%emt 0:01:57]} 5. d3 {[%emt 0:00:06]} e6 {[%emt 0:02:47]} 6. Nh3 {[%emt 0:01:08]} Nf6 {[%emt 0:17:04]} 7. O-O {[%emt 0:00:30]} b4 {[%emt 0:04:07]} 8. Ne2 {[%emt 0:01:29]} d5 {[%emt 0:02:49]} 9. Nef4 {[%emt 0:08:09]} dxe4 {[%emt 0:05:42]} 10. Ng5 {[%emt 0:00:56]} Be7 {[%emt 0:06:43]} 11. Nxe4 {[%emt 0:16:28]} Nxe4 {[%emt 0:02:31]} 12. Bxe4 {[%emt 0:04:32]} Bxe4 {[%emt 0:04:22]} 13. dxe4 {[%emt 0:00:14]} O-O {[%emt 0:03:58]} 14. Qg4 {[%emt 0:02:53]} Qd4 {[%emt 0:02:41]} 15. Qe2 {[%emt 0:17:00]} Rd8 {[%emt 0:01:42]} 16. Kg2 {[%emt 0:00:58]} Nc6 {[%emt 0:03:55]} 17. f3 c4 18. c3 {[%emt 0:13:05]} bxc3 {[%emt 0:06:55]} 19. Be3 {[%emt 0:00:05]} Qe5 {[%emt 0:02:22]} 20. bxc3 g5 21. Nh3 {[%emt 0:06:33]} Qxc3 {[%emt 0:04:40]} 22. Rac1 {[%emt 0:00:24]} Qd3 {[%emt 0:00:28]} 23. Qxd3 {[%emt 0:02:02]} Rxd3 {[%emt 0:00:05]} 24. Bxg5 {[%emt 0:00:05]} Bxg5 {[%emt 0:00:52]} 25. Nxg5 {[%emt 0:00:01]} c3 {[%emt 0:01:04]} 26. Nh3 {[%emt 0:02:22]} Nd4 {[%emt 0:03:54]} 27. Nf4 {[%emt 0:06:43]} Rd2+ {[%emt 0:01:51]} 28. Rf2 {[%emt 0:00:08]} Rc8 {[%emt 0:00:09]} 29. g4 {[%emt 0:03:49]} Rc4 {[%emt 0:01:30]} 30. Kf1 {[%emt 0:03:31]} Rb2 {[%emt 0:02:36]} 31. Nd3 {[%emt 0:01:51]} Rb5 {[%emt 0:00:21]} 32. Ke1 {[%emt 0:01:25]} Ra5 {[%emt 0:01:21]} 33. Nf4 {[%emt 0:01:02]} c2 {[%emt 0:01:04]} 34. Ne2 {[%emt 0:00:05]} Nxe2 {[%emt 0:02:34]} 35. Kxe2 {[%emt 0:01:06]} Rc3 {[%emt 0:02:02]} 36. Kd2 {[%emt 0:00:18]} Rac5 {[%emt 0:00:46]} 37. Re2 {[%emt 0:02:54]} Ra3 {[%emt 0:02:05]} 38. Rxc2 {[%emt 0:01:19]} Rxc2+ {[%emt 0:00:04]} 39. Kxc2 {[%emt 0:00:01]} Rxa2+ {[%emt 0:00:08]} 40. Kd1 {[%emt 0:00:00]} Ra3 {[%emt 0:00:00]} 41. f4 {[%emt 0:02:20]} a5 {[%emt 0:10:06]} 42. Ke1 {[%emt 0:06:35]} Rf3 {[%emt 0:01:30]} 43. f5 {[%emt 0:01:03]} a4 {[%emt 0:03:03]} 44. Rc2 {[%emt 0:04:24]} exf5 {[%emt 0:09:53]} 45. exf5 {[%emt 0:03:22]} Kg7 {[%emt 0:01:30]} 46. Rc6 {[%emt 0:02:41]} Rf4 {[%emt 0:02:34]} 47. Ke2 {[%emt 0:06:14]} Rxg4 {[%emt 0:00:25]} 48. Kf3 {[%emt 0:00:04]} Rg5 {[%emt 0:03:44]} 49. Ra6 {[%emt 0:00:43]} Rxf5+ {[%emt 0:00:07]} 50. Kg3 {[%emt 0:00:01]} Rg5+ {[%emt 0:00:17]} 51. Kf3 {[%emt 0:00:11]} f6 {[%emt 0:00:36]} 52. Rxa4 {[%emt 0:00:05]} Kg6 {[%emt 0:00:04]} 53. Ra7 {[%emt 0:00:41]} Rb5 {[%emt 0:00:14]} 54. Kg3 {[%emt 0:02:32]} Rb3+ {[%emt 0:00:16]} 55. Kf2 {[%emt 0:00:29]} h5 {[%emt 0:00:51]} 56. Kg2 {[%emt 0:00:31]} Kg5 {[%emt 0:00:33]} 57. Ra4 {[%emt 0:02:50]} Re3 {[%emt 0:00:29]} 58. Kf2 {[%emt 0:00:21]} Rh3 {[%emt 0:00:09]} 59. Kg2 {[%emt 0:00:04]} Rh4 {[%emt 0:00:04]} 60. Ra5+ {[%emt 0:01:13]} f5 {[%emt 0:00:10]} 61. Ra8 {[%emt 0:00:10]} Rb4 {[%emt 0:00:12]} 62. Ra7 {[%emt 0:04:09]} Rb2+ {[%emt 0:00:27]} 63. Kg1 {[%emt 0:01:12]} Kg4 {[%emt 0:00:44]} 64. Ra3 {[%emt 0:00:11]} Re2 {[%emt 0:02:22]} 65. Rg3+ {[%emt 0:01:05]} Kh4 {[%emt 0:00:48]} 66. Rf3 {[%emt 0:00:51]} Kg4 {[%emt 0:00:36]} 67. Rg3+ {[%emt 0:00:02]} Kf4 {[%emt 0:00:02]} 68. Rh3 {[%emt 0:00:13]} Re3 {[%emt 0:00:28]} 69. Rxh5 {[%emt 0:00:51]} Kg4 {[%emt 0:00:05]} 70. Rh8 {[%emt 0:00:23]} Ra3 {[%emt 0:00:06]} 71. Kf1 {[%emt 0:01:26]} Ra1+ {[%emt 0:00:59]} 72. Kf2 {[%emt 0:00:07]} Ra2+ {[%emt 0:00:07]} 73. Kf1 {[%emt 0:00:04]} f4 {[%emt 0:00:30]} 74. Rh7 {[%emt 0:00:27]} Kf3 {[%emt 0:00:35]} 75. Rh3+ {[%emt 0:00:04]} Ke4 {[%emt 0:00:02]} 76. Ke1 {[%emt 0:01:03]} Rg2 {[%emt 0:00:22]} 77. Kf1 {[%emt 0:00:16]} 1/2-1/2

[Event "2nd Irena Warakomska Memorial-A"]
[Site "Suwalki"]
[Date "2018.08.06"]
[Round "7"]
[White "Marszalek, Maciej"]
[Black "Jankowiak, Tomasz"]
[Result "1-0"]
[WhiteElo "2269"]
[BlackElo "2117"]
[Annotator "NA"]
[PlyCount "81"]
[EventDate "2018.08.01"]
[EventType "swiss"]
[EventCountry "POL"]
[SourceTitle "playchess.com"]
[Source "ChessBase"]
[SourceQuality "1"]
[TimeControl "40/5400+30:1800+30"]

1. Nf3 {[%emt 0:00:00]} d5 {[%emt 0:00:00]} 2. c4 {[%emt 0:00:00]} c6 {[%emt 0:00:00]} 3. d4 {[%emt 0:00:19]} Nf6 {[%emt 0:00:00]} 4. Qb3 {[%emt 0:00:22]} e6 {[%emt 0:03:27]} 5. g3 {[%emt 0:00:37]} Ne4 {[%emt 0:11:03]} 6. Bg2 {[%emt 0:02:53]} Qa5+ {[%emt 0:12:31]} 7. Nbd2 {[%emt 0:02:01]} Bb4 {[%emt 0:02:07]} 8. Qc2 {[%emt 0:01:41]} O-O {[%emt 0:01:53]} 9. O-O {[%emt 0:03:00]} f5 {[%emt 0:11:34]} 10. Nb3 {[%emt 0:05:00]} Qa4 {[%emt 0:01:08]} 11. c5 {[%emt 0:05:55]} Ba5 {[%emt 0:05:40]} 12. Bf4 {[%emt 0:02:17]} Bd8 {[%emt 0:00:48]} 13. Nfd2 {[%emt 0:03:16]} Nxd2 {[%emt 0:05:31]} 14. Qxd2 {[%emt 0:00:40]} Nd7 {[%emt 0:00:20]} 15. f3 {[%emt 0:02:21]} Bf6 {[%emt 0:02:37]} 16. Bd6 {[%emt 0:03:00]} Re8 {[%emt 0:03:59]} 17. e4 {[%emt 0:01:24]} b6 {[%emt 0:01:21]} 18. e5 {[%emt 0:07:41]} Bd8 {[%emt 0:00:18]} 19. f4 {[%emt 0:01:09]} Ba6 {[%emt 0:01:29]} 20. Rfd1 {[%emt 0:00:23]} Kf7 {[%emt 0:10:00]} 21. Nc1 {[%emt 0:01:09]} Be7 {[%emt 0:01:49]} 22. Bxe7 {[%emt 0:06:30]} Kxe7 {[%emt 0:01:07]} 23. cxb6 {[%emt 0:01:18]} axb6 {[%emt 0:00:15]} 24. Ne2 {[%emt 0:00:38]} Bxe2 {[%emt 0:01:30]} 25. Qxe2 {[%emt 0:00:02]} g6 {[%emt 0:02:50]} 26. g4 {[%emt 0:01:01]} Rg8 {[%emt 0:08:06]} 27. Qf2 {[%emt 0:00:12]} Kf7 {[%emt 0:01:44]} 28. Rd3 {[%emt 0:05:53]} Qc4 {[%emt 0:04:44]} 29. Rc3 {[%emt 0:01:39]} Rxa2 {[%emt 0:00:23]} 30. Rxa2 {[%emt 0:04:20]} Qxa2 {[%emt 0:00:01]} 31. Rxc6 {[%emt 0:00:11]} Qb1+ {[%emt 0:01:59]} 32. Bf1 {[%emt 0:00:05]} fxg4 {[%emt 0:02:30]} 33. Rc7 {[%emt 0:00:22]} Ke8 {[%emt 0:00:03]} 34. Qd2 {[%emt 0:03:47]} Rf8 {[%emt 0:01:25]} 35. Rc1 {[%emt 0:01:40]} Qe4 {[%emt 0:00:49]} 36. Bb5 {[%emt 0:02:20]} Kd8 {[%emt 0:00:00]} 37. Qc3 {[%emt 0:00:56]} Ke7 {[%emt 0:01:50]} 38. Bxd7 {[%emt 0:02:34]} Kxd7 {[%emt 0:00:28]} 39. Qc6+ {[%emt 0:04:01]} Ke7 {[%emt 0:00:19]} 40. Qb7+ {[%emt 0:00:00]} Ke8 {[%emt 0:00:00]} 41. Rc8# {[%emt 0:00:12]} 1-0

[Event "2nd Irena Warakomska Memorial-A"]
[Site "Suwalki"]
[Date "2018.08.06"]
[Round "7"]
[White "Bugalski, Michal"]
[Black "Grebeniuk, Semen"]
[Result "1/2-1/2"]
[WhiteElo "2263"]
[BlackElo "2306"]
[Annotator "NA"]
[PlyCount "103"]
[EventDate "2018.08.01"]
[EventType "swiss"]
[EventCountry "POL"]
[SourceTitle "playchess.com"]
[Source "ChessBase"]
[SourceQuality "1"]
[TimeControl "40/5400+30:1800+30"]

1. e4 {[%emt 0:00:00]} g6 {[%emt 0:00:00]} 2. d4 {[%emt 0:00:23]} Bg7 {[%emt 0:00:02]} 3. Nc3 {[%emt 0:00:08]} c6 {[%emt 0:00:22]} 4. Be3 {[%emt 0:01:18]} d5 {[%emt 0:00:40]} 5. e5 {[%emt 0:00:23]} Nh6 {[%emt 0:01:14]} 6. Qd2 {[%emt 0:06:53]} Nf5 {[%emt 0:05:27]} 7. Bf4 {[%emt 0:00:15]} f6 {[%emt 0:15:29]} 8. exf6 {[%emt 0:07:02]} exf6 {[%emt 0:06:28]} 9. h4 {[%emt 0:01:16]} O-O {[%emt 0:01:37]} 10. O-O-O {[%emt 0:02:24]} Re8 {[%emt 0:01:55]} 11. Kb1 {[%emt 0:05:51]} Be6 {[%emt 0:05:52]} 12. g4 {[%emt 0:13:34]} Nd6 {[%emt 0:00:38]} 13. f3 {[%emt 0:00:41]} b5 {[%emt 0:08:34]} 14. h5 {[%emt 0:16:30]} g5 {[%emt 0:00:59]} 15. Bxd6 {[%emt 0:01:41]} Qxd6 {[%emt 0:00:08]} 16. h6 {[%emt 0:00:04]} Bf8 {[%emt 0:00:09]} 17. Nh3 {[%emt 0:04:00]} Nd7 {[%emt 0:07:38]} 18. Bd3 {[%emt 0:01:57]} Be7 {[%emt 0:02:49]} 19. Rdg1 {[%emt 0:05:52]} Kh8 {[%emt 0:02:31]} 20. Ne2 {[%emt 0:06:23]} Rg8 {[%emt 0:06:07]} 21. Ng3 {[%emt 0:02:01]} Nf8 {[%emt 0:03:42]} 22. Nh5 {[%emt 0:05:04]} Ng6 {[%emt 0:01:41]} 23. Re1 {[%emt 0:08:13]} Bd7 {[%emt 0:02:09]} 24. Bf5 {[%emt 0:00:07]} Raf8 {[%emt 0:11:58]} 25. Qe2 {[%emt 0:04:37]} Rf7 {[%emt 0:04:04]} 26. Ng7 {[%emt 0:01:10]} Nh4 {[%emt 0:04:34]} 27. Bxd7 {[%emt 0:02:49]} Qxd7 {[%emt 0:00:07]} 28. f4 {[%emt 0:00:01]} Bf8 {[%emt 0:02:15]} 29. Ne6 {[%emt 0:02:02]} gxf4 {[%emt 0:02:36]} 30. Nhxf4 {[%emt 0:00:50]} Ng6 {[%emt 0:00:01]} 31. Nd3 {[%emt 0:00:41]} Bd6 {[%emt 0:00:28]} 32. Qf3 {[%emt 0:00:51]} Nf8 {[%emt 0:01:09]} 33. Ng7 {[%emt 0:00:23]} Ng6 {[%emt 0:00:45]} 34. Re2 {[%emt 0:00:54]} Bf8 {[%emt 0:00:28]} 35. Ne6 {[%emt 0:00:09]} Bd6 {[%emt 0:00:27]} 36. Rhe1 {[%emt 0:00:29]} Bf8 {[%emt 0:01:07]} 37. Rh1 {[%emt 0:00:23]} Bd6 {[%emt 0:00:48]} 38. Ng7 {[%emt 0:00:24]} Bf8 {[%emt 0:00:17]} 39. Nf5 {[%emt 0:00:30]} a5 {[%emt 0:01:25]} 40. Rhe1 {[%emt 0:00:00]} a4 {[%emt 0:00:00]} 41. Re6 {[%emt 0:12:13]} a3 {[%emt 0:02:50]} 42. b4 {[%emt 0:01:17]} Ne5 {[%emt 0:07:36]} 43. R6xe5 {[%emt 0:02:19]} fxe5 {[%emt 0:00:08]} 44. Nxe5 {[%emt 0:00:04]} Rxf5 {[%emt 0:04:56]} 45. gxf5 {[%emt 0:03:38]} Qe7 {[%emt 0:00:36]} 46. c3 {[%emt 0:00:40]} Qf6 {[%emt 0:01:41]} 47. Qh5 {[%emt 0:06:37]} Rg2 {[%emt 0:02:07]} 48. Ng4 {[%emt 0:04:38]} Qd6 {[%emt 0:01:27]} 49. Ne5 {[%emt 0:00:35]} Qf6 {[%emt 0:00:22]} 50. Ng4 {[%emt 0:03:23]} Qd6 {[%emt 0:00:01]} 51. Ne5 {[%emt 0:00:07]} Qf6 {[%emt 0:00:42]} 52. Ng4 {[%emt 0:00:06]} 1/2-1/2

[Event "2nd Irena Warakomska Memorial-A"]
[Site "Suwalki"]
[Date "2018.08.06"]
[Round "7"]
[White "Tomaszewski, Roman"]
[Black "Tarun, V Kanth"]
[Result "0-1"]
[WhiteElo "2258"]
[BlackElo "2102"]
[Annotator "NA"]
[PlyCount "53"]
[EventDate "2018.08.01"]
[EventType "swiss"]
[EventCountry "POL"]
[SourceTitle "playchess.com"]
[Source "ChessBase"]
[SourceQuality "1"]
[TimeControl "40/5400+30:1800+30"]

1. d4 {[%emt 0:00:00]} Nf6 {[%emt 0:00:00]} 2. c4 {[%emt 0:00:00]} e6 {[%emt 0:00:00]} 3. Nc3 {[%emt 0:00:39]} d5 {[%emt 0:00:00]} 4. Nf3 {[%emt 0:01:39]} Be7 {[%emt 0:00:00]} 5. Bf4 {[%emt 0:00:11]} O-O {[%emt 0:00:05]} 6. e3 {[%emt 0:00:05]} c5 {[%emt 0:00:05]} 7. dxc5 {[%emt 0:00:16]} Bxc5 {[%emt 0:00:08]} 8. cxd5 {[%emt 0:02:08]} Nxd5 {[%emt 0:00:27]} 9. Nxd5 {[%emt 0:00:36]} exd5 {[%emt 0:01:08]} 10. Bd3 {[%emt 0:00:13]} Bb4+ {[%emt 0:03:11]} 11. Ke2 {[%emt 0:00:21]} Nc6 {[%emt 0:02:02]} 12. Qc2 {[%emt 0:01:22]} h6 {[%emt 0:03:23]} 13. Rhd1 {[%emt 0:06:16]} Bg4 {[%emt 0:06:17]} 14. Bh7+ {[%emt 0:10:42]} Kh8 {[%emt 0:00:01]} 15. Bf5 {[%emt 0:00:08]} Bxf3+ {[%emt 0:13:01]} 16. Kxf3 {[%emt 0:54:40]} g6 {[%emt 0:12:28]} 17. a3 {[%emt 0:06:29]} Ba5 {[%emt 0:05:28]} 18. b4 {[%emt 0:00:50]} Bc7 {[%emt 0:19:13]} 19. Qb2+ {[%emt 0:08:25]} Kh7 {[%emt 0:06:53]} 20. b5 {[%emt 0:00:10]} Bxf4 {[%emt 0:02:36]} 21. bxc6 {[%emt 0:00:06]} bxc6 {[%emt 0:00:03]} 22. Bh3 {[%emt 0:02:19]} Bg5 {[%emt 0:00:32]} 23. Rab1 {[%emt 0:01:48]} Be7 {[%emt 0:02:22]} 24. Qb7 {[%emt 0:00:32]} Qd6 {[%emt 0:02:56]} 25. g3 {[%emt 0:01:15]} Rfd8 {[%emt 0:05:27]} 26. Rd3 {[%emt 0:01:01]} Rdb8 {[%emt 0:01:14]} 27. Rdd1 0-1

[Event "2nd Irena Warakomska Memorial-A"]
[Site "Suwalki"]
[Date "2018.08.06"]
[Round "7"]
[White "Sowul, Bartosz"]
[Black "Fiedorek, Michal"]
[Result "0-1"]
[WhiteElo "2257"]
[BlackElo "1970"]
[Annotator "NA"]
[PlyCount "78"]
[EventDate "2018.08.01"]
[EventType "swiss"]
[EventCountry "POL"]
[SourceTitle "playchess.com"]
[Source "ChessBase"]
[SourceQuality "1"]
[TimeControl "40/5400+30:1800+30"]

1. d4 {[%emt 0:00:00]} Nf6 {[%emt 0:00:00]} 2. c4 {[%emt 0:00:00]} g6 {[%emt 0:00:00]} 3. Nc3 {[%emt 0:00:00]} Bg7 {[%emt 0:00:00]} 4. Nf3 {[%emt 0:00:00]} O-O {[%emt 0:00:17]} 5. Bg5 {[%emt 0:00:00]} d6 {[%emt 0:01:00]} 6. e3 {[%emt 0:00:00]} Nbd7 {[%emt 0:01:06]} 7. Be2 {[%emt 0:00:08]} c6 {[%emt 0:10:55]} 8. O-O {[%emt 0:00:08]} Qc7 {[%emt 0:04:14]} 9. Rc1 {[%emt 0:00:18]} e5 {[%emt 0:00:54]} 10. Qc2 {[%emt 0:02:28]} Re8 {[%emt 0:03:49]} 11. Rfd1 {[%emt 0:00:33]} Nf8 {[%emt 0:04:39]} 12. dxe5 {[%emt 0:01:51]} dxe5 {[%emt 0:01:48]} 13. Bh4 {[%emt 0:00:12]} Bf5 {[%emt 0:07:16]} 14. Qa4 {[%emt 0:01:09]} N8d7 {[%emt 0:05:48]} 15. Bg3 {[%emt 0:07:14]} Bf8 {[%emt 0:08:10]} 16. b4 {[%emt 0:23:01]} a5 {[%emt 0:01:00]} 17. c5 {[%emt 0:00:06]} axb4 {[%emt 0:00:46]} 18. Qxb4 {[%emt 0:00:06]} Bxc5 {[%emt 0:04:05]} 19. Qb3 {[%emt 0:00:12]} Qb6 {[%emt 0:11:00]} 20. Qxb6 {[%emt 0:03:51]} Bxb6 {[%emt 0:01:43]} 21. Bc4 {[%emt 0:00:09]} Kg7 {[%emt 0:03:44]} 22. Ng5 {[%emt 0:01:38]} Re7 {[%emt 0:01:21]} 23. h3 {[%emt 0:07:12]} h6 {[%emt 0:01:16]} 24. Nf3 {[%emt 0:00:06]} Be6 {[%emt 0:02:25]} 25. Nd2 {[%emt 0:03:37]} Ba5 {[%emt 0:05:23]} 26. Bxe6 {[%emt 0:03:11]} Rxe6 {[%emt 0:00:19]} 27. Nde4 {[%emt 0:00:28]} Nxe4 {[%emt 0:08:38]} 28. Nxe4 {[%emt 0:00:06]} Nf6 {[%emt 0:01:34]} 29. Nd6 {[%emt 0:03:42]} Re7 {[%emt 0:02:30]} 30. a4 {[%emt 0:01:27]} Nd5 {[%emt 0:02:46]} 31. Nc4 {[%emt 0:01:30]} Bc7 {[%emt 0:01:11]} 32. a5 {[%emt 0:03:48]} f6 {[%emt 0:01:29]} 33. Ra1 {[%emt 0:00:59]} Kf7 {[%emt 0:00:36]} 34. Rdb1 {[%emt 0:00:58]} Ra7 {[%emt 0:00:22]} 35. f3 {[%emt 0:00:53]} Nc3 {[%emt 0:01:09]} 36. Rb2 {[%emt 0:00:33]} b5 {[%emt 0:00:56]} 37. Be1 {[%emt 0:00:35]} Nd5 {[%emt 0:01:53]} 38. Na3 {[%emt 0:01:00]} e4 {[%emt 0:00:59]} 39. Nc2 {[%emt 0:00:00]} Be5 {[%emt 0:00:00]} 0-1

[Event "2nd Irena Warakomska Memorial-A"]
[Site "Suwalki"]
[Date "2018.08.06"]
[Round "7"]
[White "Kumala, Aleksander"]
[Black "Maj, Pawel"]
[Result "1/2-1/2"]
[WhiteElo "2238"]
[BlackElo "2071"]
[Annotator "NA"]
[PlyCount "42"]
[EventDate "2018.08.01"]
[EventType "swiss"]
[EventCountry "POL"]
[SourceTitle "playchess.com"]
[Source "ChessBase"]
[SourceQuality "1"]
[TimeControl "40/5400+30:1800+30"]

1. d4 {[%emt 0:00:00]} Nf6 {[%emt 0:00:00]} 2. Bg5 {[%emt 0:00:00]} e6 {[%emt 0:00:00]} 3. e4 {[%emt 0:00:00]} h6 {[%emt 0:00:00]} 4. Bxf6 {[%emt 0:00:00]} Qxf6 {[%emt 0:00:00]} 5. c3 {[%emt 0:00:00]} d6 {[%emt 0:00:18]} 6. Bd3 {[%emt 0:00:18]} Nd7 {[%emt 0:00:37]} 7. Ne2 {[%emt 0:00:08]} e5 {[%emt 0:02:02]} 8. O-O {[%emt 0:00:31]} Qe7 {[%emt 0:00:56]} 9. f4 {[%emt 0:00:39]} g6 {[%emt 0:03:22]} 10. Nd2 {[%emt 0:15:42]} Bg7 {[%emt 0:00:27]} 11. Nc4 {[%emt 0:00:17]} O-O {[%emt 0:02:59]} 12. Ne3 {[%emt 0:00:20]} Nf6 {[%emt 0:03:29]} 13. Qc2 {[%emt 0:03:59]} Re8 {[%emt 0:11:53]} 14. Rae1 {[%emt 0:01:07]} c6 {[%emt 0:03:02]} 15. Ng3 {[%emt 0:06:48]} h5 {[%emt 0:06:36]} 16. dxe5 {[%emt 0:02:03]} dxe5 {[%emt 0:00:12]} 17. f5 {[%emt 0:00:18]} Bh6 {[%emt 0:04:08]} 18. fxg6 {[%emt 0:04:46]} fxg6 {[%emt 0:01:30]} 19. Nh1 {[%emt 0:10:35]} Be6 {[%emt 0:06:19]} 20. Nf2 {[%emt 0:05:23]} Qc5 {[%emt 0:08:13]} 21. b4 {[%emt 0:00:11]} Qb6 {[%emt 0:04:46]} 1/2-1/2

[Event "2nd Irena Warakomska Memorial-A"]
[Site "Suwalki"]
[Date "2018.08.06"]
[Round "7"]
[White "Pietruszewski, Marcin"]
[Black "Kowalski, Igor"]
[Result "1-0"]
[WhiteElo "2208"]
[BlackElo "2323"]
[Annotator "NA"]
[PlyCount "91"]
[EventDate "2018.08.01"]
[EventType "swiss"]
[EventCountry "POL"]
[SourceTitle "playchess.com"]
[Source "ChessBase"]
[SourceQuality "1"]
[TimeControl "40/5400+30:1800+30"]

1. e4 {[%emt 0:00:00]} c6 {[%emt 0:00:00]} 2. d4 {[%emt 0:00:00]} d5 {[%emt 0:00:00]} 3. e5 {[%emt 0:00:00]} Bf5 {[%emt 0:00:00]} 4. Nf3 {[%emt 0:00:00]} e6 {[%emt 0:00:00]} 5. Be2 {[%emt 0:00:00]} Nd7 {[%emt 0:00:00]} 6. O-O {[%emt 0:00:02]} h6 {[%emt 0:00:00]} 7. Nbd2 {[%emt 0:01:15]} Ne7 {[%emt 0:00:00]} 8. Nb3 {[%emt 0:01:13]} Bh7 {[%emt 0:00:13]} 9. a4 {[%emt 0:01:08]} Nf5 {[%emt 0:00:10]} 10. a5 {[%emt 0:06:26]} a6 {[%emt 0:00:30]} 11. c4 {[%emt 0:03:11]} dxc4 {[%emt 0:00:21]} 12. Bxc4 {[%emt 0:00:02]} Ne7 {[%emt 0:00:19]} 13. Ne1 {[%emt 0:00:16]} c5 {[%emt 0:02:37]} 14. Nf3 {[%emt 0:06:03]} Be4 {[%emt 0:06:50]} 15. Nxc5 {[%emt 0:07:47]} Nxc5 {[%emt 0:00:28]} 16. dxc5 {[%emt 0:00:02]} Nc6 {[%emt 0:10:00]} 17. Be3 {[%emt 0:06:55]} Qxd1 {[%emt 0:20:28]} 18. Rfxd1 {[%emt 0:00:38]} Bxf3 {[%emt 0:00:05]} 19. gxf3 {[%emt 0:00:05]} Nxe5 {[%emt 0:00:07]} 20. Be2 {[%emt 0:04:23]} Be7 {[%emt 0:00:20]} 21. b4 {[%emt 0:16:25]} O-O {[%emt 0:00:59]} 22. f4 {[%emt 0:11:24]} Nc6 {[%emt 0:00:26]} 23. Rd7 {[%emt 0:00:02]} Bf6 {[%emt 0:01:21]} 24. Rb1 {[%emt 0:15:55]} Rfb8 {[%emt 0:03:16]} 25. Bf3 {[%emt 0:03:33]} Bc3 {[%emt 0:00:51]} 26. Rxb7 {[%emt 0:00:28]} Rxb7 {[%emt 0:01:08]} 27. Bxc6 {[%emt 0:00:02]} Rab8 {[%emt 0:00:38]} 28. Bxb7 {[%emt 0:00:35]} Rxb7 {[%emt 0:00:05]} 29. c6 {[%emt 0:00:12]} Rc7 {[%emt 0:01:54]} 30. Rc1 {[%emt 0:00:11]} Bxb4 {[%emt 0:10:05]} 31. Bb6 {[%emt 0:01:17]} Rc8 {[%emt 0:00:12]} 32. c7 {[%emt 0:00:13]} Kf8 {[%emt 0:02:59]} 33. Rd1 {[%emt 0:00:04]} Be7 {[%emt 0:00:04]} 34. Rd8+ {[%emt 0:00:22]} Bxd8 {[%emt 0:00:03]} 35. cxd8=Q+ {[%emt 0:00:07]} Rxd8 {[%emt 0:00:03]} 36. Bxd8 {[%emt 0:00:02]} Ke8 {[%emt 0:00:06]} 37. Bb6 {[%emt 0:00:13]} Kd7 {[%emt 0:00:06]} 38. Kg2 {[%emt 0:00:13]} Kd6 {[%emt 0:00:06]} 39. Kf3 {[%emt 0:00:09]} Kd5 {[%emt 0:00:49]} 40. Ke3 {[%emt 0:00:00]} f6 {[%emt 0:00:00]} 41. Bd8 {[%emt 0:03:34]} f5 {[%emt 0:03:14]} 42. Be7 {[%emt 0:02:55]} e5 {[%emt 0:02:04]} 43. Bf8 {[%emt 0:00:32]} g5 {[%emt 0:00:10]} 44. Bxh6 {[%emt 0:00:19]} gxf4+ {[%emt 0:00:13]} 45. Bxf4 {[%emt 0:00:25]} exf4+ {[%emt 0:00:37]} 46. Kxf4 {[%emt 0:01:14]} 1-0

[Event "2nd Irena Warakomska Memorial-A"]
[Site "Suwalki"]
[Date "2018.08.06"]
[Round "7"]
[White "Budrewicz, Krzysztof"]
[Black "Koziak, Vitali"]
[Result "0-1"]
[WhiteElo "2203"]
[BlackElo "2476"]
[Annotator "TA"]
[PlyCount "78"]
[EventDate "2018.08.01"]
[EventType "swiss"]
[EventCountry "POL"]
[SourceTitle "playchess.com"]
[Source "ChessBase"]
[SourceQuality "1"]

{[%evp 26,78,9,0,0,-20,0,-10,-12,-9,-21,-24,-23,-72,-81,-106,-85,-86,-94,-153,-33,-39,192,204,291,288,263,270,252,258,137,0,426,-377,-368,-352,-349,-390,-399,-396,-396,-395,-374,-366,-345,-845,-845,-909,-527,-1048,-1034,-1027,-1020,-4802,-1020]} 1. d4 c5 2. d5 Nf6 3. c4 g6 4. Nc3 Bg7 5. e4 d6 6. h3 O-O 7. Nf3 e6 8. Bd3 exd5 9. cxd5 a6 10. a4 Nbd7 11. O-O Nh5 12. g4 Nhf6 13. Bf4 Qe7 14. Re1 {LiveBook: 4 Partien. A70: Benoni (Hauptsystem)} h5 $1 {[%cal Bh7h5,Bh5g4,Bg4h3][%mdl 32]} 15. e5 dxe5 16. Nxe5 {Die Stellung ist ausgeglichen.} Nxe5 17. Rxe5 Qd6 {Droht stark ...Sxd5.} 18. Qd2 $1 {Schwarz muss nun gxh5 beachten.} hxg4 19. Rae1 $146 {[%cal Ba1e1,Be1e3,Be3h3][%mdl 32]} ({Vorgänger:} 19. h4 Qd8 20. Rae1 Nh5 21. Bg5 f6 22. Bxg6 fxg5 23. Bxh5 gxh4 {1-0 (35) Labeckas,K (2403)-Kuklin,V (2312) Germany 2010}) 19... gxh3 20. Re7 Qb6 $1 21. d6 Qc6 {[%csl Gh3][%cal Rc6g2]} 22. Bf1 (22. Ne4 $142) 22... Bf5 ({Günstiger ist} 22... Bd7 $1 $17 23. a5 Rad8) 23. R1e3 $1 $15 Ng4 $2 (23... Rfd8 $15 {behält die Oberhand.} 24. Bxh3 Bxh3 25. Rxh3 Rd7) 24. Rxh3 $18 {zielt auf Tc7 ab.} Bd4 (24... Nf6 $142) 25. Bg2 $1 {[%cal Rg2c6]} Nxf2 26. Bxc6 Nxh3+ 27. Kh2 bxc6 {[#]} 28. Be5 (28. Be3 $1 $16 {[%cal Re3d4]} Bg7 29. Bxc5) 28... Rfd8 $2 {[%mdl 8192] [#]} (28... Ng5 $11 {und Schwarz muss sich keine Sorgen machen.} 29. Qg2 (29. Qxg5 Bxe5+ 30. Rxe5 f6 $15) 29... Rab8) 29. Qh6 $4 {[%mdl 8192]} ({Schwächer ist} 29. Bxd4 Rxd6 30. Ne2 Rad8 $11) (29. Ne4 $1 $18 {[%mdl 512]} Bxe4 30. Bxd4 (30. Kxh3 Bxe5 31. Rxe5 Bd5 $17) 30... Rxd6 31. Rxe4) 29... Bxe5+ $19 30. Rxe5 Nf2 31. Kg3 Ng4 32. Qf4 Nxe5 33. Qxe5 Rd7 34. Qxc5 Rad8 35. Qxc6 $2 (35. Ne2) 35... Rxd6 {Schwarz steht klar auf Gewinn.} 36. Qb7 Kg7 37. Kf2 Rd2+ 38. Ke1 Rc2 39. Qxa6 Rh8 {Precision: Weiß = 26%, Schwarz = 49%.} (39... Re8+ $142 40. Kd1 Rf2) 0-1